| 000 | 01871 a2200373 4500 | ||
|---|---|---|---|
| 001 | 21487647 | ||
| 003 | 0000 | ||
| 005 | 20260311141658.0 | ||
| 008 | 200401s2020 paua b 001 0 eng | ||
| 010 | _a 2020936245 | ||
| 020 | _a9780443111013 | ||
| 035 | _a21487647 | ||
| 040 |
_aDLC _beng _erda _cDLC |
||
| 042 | _apcc | ||
| 050 | 0 | 0 | _aQP 34.5 .G89 |
| 100 | 1 |
_aHall, John E. _q(John Edward), _d1946- _eauthor. |
|
| 245 | 1 | 0 |
_aGuyton and Hall textbook of medical physiology / _cJohn E. Hall, PhD, Arthur C. Guyton Professor and Chair, Department of Physiology and Biophysics, Director, Mississippi Center for Obesity Research, University of Mississippi Medical Center, Jackson, Mississippi, and Michael E. Hall, MD, MS, Associate Professor, Department of Medicine, Division of Cardiovascular Diseases, Associate Vice Chair for Research, Department of Physiology and Biophysics, University of Mississippi Medical Center, Jackson, Mississippi. |
| 246 | 1 | _aTextbook of medical physiology | |
| 250 | _a15th edition. | ||
| 264 | 1 |
_aPhiladelphia, PA : _bElsevier, _c2026 |
|
| 300 |
_axix, 1132 pages : _bcolor illustrations ; _c29 cm |
||
| 336 |
_atext _btxt _2rdacontent |
||
| 337 |
_aunmediated _bn _2rdamedia |
||
| 338 |
_avolume _bnc _2rdacarrier |
||
| 500 | _aRevised edition of: Guyton and Hall textbook of medical physiology / John E. Hall. 13th edition. [2016]. | ||
| 504 | _aIncludes bibliographical references and index. | ||
| 520 |
_a"This is a comprehensive textbook of medical physiology"-- _cProvided by publisher. |
||
| 650 | 0 | _aHuman physiology. | |
| 650 | 0 | _aPhysiology, Pathological. | |
| 700 | 1 |
_aHall, Michael E. _q(Michael Edward), _eauthor. |
|
| 906 |
_a7 _bcbc _corignew _d2 _eepcn _f20 _gy-gencatlg |
||
| 942 |
_2lcc _cBK |
||
| 999 |
_c44102 _d44102 |
||